[Event "SRB-chT3 West CS"]
[Site "Serbia"]
[Date "2017.10.13"]
[Round "8.66"]
[White "Rasic, Milovan"]
[Black "Kalicanin, Milos"]
[Result "1-0"]
[WhiteElo "1580"]
[BlackElo "1727"]
[PlyCount "76"]
[EventDate "2017.09.03"]
[EventType "team-tourn"]
[EventRounds "11"]
[EventCountry "SRB"]
[SourceTitle "EXT 2021"]
[Source "ChessBase"]
[SourceDate "2020.10.23"]
[SourceVersion "1"]
[SourceVersionDate "2020.10.23"]
[SourceQuality "1"]

1. c4 Nf6 2. Nc3 e6 3. e4 d5 4. cxd5 exd5 5. e5 Nfd7 6. d4 Nb6 7. Nf3 Bf5 8. Bd3 Bg4 9. h3 Bh5 10. 0-0 Be7 11. Be2 0-0 12. Nh2 Bxe2 13. Qxe2 Nc6 14. Be3 Qd7 15. f4 f5 16. Nf3 Nd8 17. a4 a5 18. b3 c6 19. Rac1 Ne6 20. Rfd1 Kh8 21. h4 h6 22. Kf2 Qe8 23. Nh2 Bxh4+ 24. g3 Be7 25. Rh1 Kg8 26. Rcg1 Bb4 27. Na2 Be7 28. Nf3 Qg6 29. Nh4 Qf7 30. g4 fxg4 31. Rxg4 Bxh4+ 32. Rhxh4 Kh7 33. Qd3+ Qf5 34. Nc1 Qxd3 35. Nxd3 g5 36. Rh3 gxf4 37. Nxf4 Nxf4 38. Bxf4 Rxf4+ 1-0